000 00463nam a2200169Ia 4500
008 230718s9999 xx 000 0 und d
020 _a9789386858238
041 _aeng
082 _a621.382'2
_bRAO
100 _aRao D.G.
_9171171
245 _aDigital Signal Processing
260 _c2017
_bCengage Learning
300 _a481
365 _cRs.
_b499.00
700 _aRao D.G. & Gejji V.P.
_9200870
906 _dO:0597717-Jul-2018B:523912-Jul-2018
_cTE
_b139.72
999 _c347629
_d347629